| 000 | 00632nam a2200217 a 4500 | ||
|---|---|---|---|
| 001 | 000030828 | ||
| 003 | DO-SdBNP | ||
| 005 | 20220725121339.0 | ||
| 007 | ta | ||
| 008 | 110531s1956 dr 000 0 spa d | ||
| 040 |
_aDO-SdBNP _bspa _cBNPHU |
||
| 082 |
_axxx _bR894c |
||
| 100 |
_aRuano, P. Nazario _953877 |
||
| 245 | 1 | 0 |
_aCarmelita / _cP. Nazario Ruano. |
| 260 |
_aCiudad Trujillo, República Dominicana : _bArte y Cine, _c1956. |
||
| 300 |
_a141 p. ; _c16 cm. |
||
| 590 | _aInventariado, 2022/ YL | ||
| 590 | _aPerteneció a la biblioteca personal de Carlos Larrazábal Blanco. | ||
| 910 | _aYLockward | ||
| 942 |
_2ddc _cLBS1 |
||
| 999 |
_c30320 _d30320 |
||